Normal view
MARC view
- Popoviciu , Ciprian/ Eric levy abegonli. Patrick Grossette
Entry Personal Name
001 - CONTROL NUMBER
- control field: 311
003 - CONTROL NUMBER IDENTIFIER
- control field: JO-AjAnu
005 - DATE AND TIME OF LATEST TRANSACTION
- control field: 20230606070345.0
008 - FIXED-LENGTH DATA ELEMENTS
- fixed length control field: 230606|| aca||aabn | a|a d
040 ## - CATALOGING SOURCE
- Original cataloging agency: JO-AjAnu
- Transcribing agency: JO-AjAnu
100 ## - HEADING--PERSONAL NAME
- Personal name: Popoviciu , Ciprian/ Eric levy abegonli. Patrick Grossette
670 ## - SOURCE DATA FOUND
- Source citation: Work cat.: (JO-AjAnu)164: Popoviciu , Ciprian/ Eric levy abegonli. Patrick Grossette, author, Deploying IPv6 Networks